01045cam a22002771 4500001001300000003000400013005001700017008004100034010001700075035001900092040004800111050002200159051001500181082001200196100004900208245010000257260004800357300007800405490006200483500008400545504003200629650003700661650002500698650002700723999001700750gs 46000140 DLC20260227111351.0780220s1946 dcubf b 000 0 eng c ags 46000140  a(OCoLC)3654196 aU. S. Geol. survey LibrarycCCCdOCoLCdDLC00aQE75b.P9 no. 212 aQE694b.B7 a551.7821 aBramlette, M. N.q(Milton Nunn),d1896-1977.14aThe Monterey formation of California and the origin of its siliceous rocks,cby M. N. Barlette. aWashington,bU.S. Govt. print. off.,c1946. aiv, 57 p. incl. tables.b19 pl. (incl. fold. map, 2 fold. diagrs.) 29 cm.0 aUnited States. Geological survey. Professional paper 212 aAt head of title: United States Dept. of the interior ... Geological survey ... aBibliographical foot-notes. 0aGeology, StratigraphicyMiocene. 0aGeologyzCalifornia. 0aPetrologyzCalifornia. c28107d28107